Fr. Conceicao Rodrigues College of Engineering

Electronic devices and circuits (Record no. 22842)

MARC details
000 -LEADER
fixed length control field 00321nam a2200157Ia 4500
082 ## - DEWEY DECIMAL CLASSIFICATION NUMBER
Classification number 621.3815/GUP
Item number GUP
100 ## - MAIN ENTRY--PERSONAL NAME
Personal name Gupta/J.B
245 ## - TITLE STATEMENT
Title Electronic devices and circuits
260 ## - PUBLICATION, DISTRIBUTION, ETC.
Name of publisher, distributor, etc. Kataria
Date of publication, distribution, etc. 2000
366 ## - TRADE AVAILABILITY INFORMATION
Publishers's discount category 10
300 ## - PHYSICAL DESCRIPTION
Extent 1209
546 ## - LANGUAGE NOTE
Language note ENGLISH
650 ## - SUBJECT ADDED ENTRY--TOPICAL TERM
Topical term or geographic name entry element EDC
654 ## - SUBJECT ADDED ENTRY--FACETED TOPICAL TERMS
Focus term devices
942 ## - ADDED ENTRY ELEMENTS (KOHA)
Koha item type BOOK
Holdings
Withdrawn status Lost status Damaged status Not for loan Collection Home library Current library Shelving location Date acquired Source of acquisition Cost, normal purchase price Total Checkouts Full call number Barcode Date last seen Cost, replacement price Price effective from Koha item type
        CRC Fr. Agnel's C.Rodrigues College of Engineering Fr. Agnel's C.Rodrigues College of Engineering   17/03/2023 Professional Book House. 325.00   621.3815/GUP GUP 17383 17/03/2023 335.00   BOOK
        CRC Fr. Agnel's C.Rodrigues College of Engineering Fr. Agnel's C.Rodrigues College of Engineering   17/03/2023 Professional Book House. 325.00   621.3815/GUP GUP 17384 17/03/2023 335.00   BOOK